| 000 | 00799nam a22001937a 4500 | ||
|---|---|---|---|
| 999 |
_c166490 _d166490 |
||
| 005 | 20190725123815.0 | ||
| 010 | _aUR-10285 | ||
| 020 |
_c250.00 _a9789388356930 |
||
| 035 | _aU-8840 | ||
| 037 | _bDBAD/PUB | ||
| 082 | _a840.08 | ||
| 100 | _aمر تبين فر قا ن ا حمد سر د ھنو ی | ||
| 245 |
_aا نيس ا نصا ر ی کی شخصيت ا و ر فنی ز ا و يے _cمر تبين فر قا ن ا حمد سر د ھنو ی |
||
| 246 |
_bAnis Ansari ki Shakhsiyat Aur Funni Zaviye (Urdu) _aComp. by Furqan Ahmed Sardhanvi |
||
| 260 |
_a Delhi _bEducational Publishing House _c2018 ء |
||
| 270 |
_a3191،Vakil Street,Kucha Pandit,Lal Kuan, _bDelhi _e110006 _k23216162 _l00911123211540 |
||
| 300 |
_a244 ص _c22 Cm(Hb) |
||
| 942 |
_2ddc _cUR _h840.08 _mا ن ی |
||